ბათუმის შოთა რუსთაველის სახელმწიფო უნივერსიტეტის ბიბლიოთეკა

მასალები აჭარის ყოფისა და კულტურის შესწავლისათვის : (ბიბ.ჩანაწერი № 58368)

000 -ლიდერი
ფიქსირებული სიგრძის საკონტროლო ველი 02400nam a22002777a 4500
003 - საკონტროლო ნომრის იდენტიფიკატორი
საკონტროლო ველი Ge_BSU
005 - ბოლო ოპერაციის თარიღი და დრო
საკონტროლო ველი 20211207135635.0
008 - ფიქსირებული სიგრძის მონაცემთა ელემენტები - ზოგადი ინფორმაცია
ფიქსირებული სიგრძის საკონტროლო ველი 211207s2019ge xxu||||| |||| 00| 0 geo d
020 ## - წიგნის საერთაშორისო სტანდარტული ნომერი
International Standard Book Number 9789941488290
041 ## - ენის კოდი
Language code of text/sound track or separate title geo
080 ## - უნივერსალური ათობითი კლასიფიკაციის ინდექსი
Universal Decimal Classification number 39(479.223) მ-36
245 ## - ცნობა სათაურის შესახებ
Title მასალები აჭარის ყოფისა და კულტურის შესწავლისათვის :
Remainder of title ტ I : მემინდვრეობა /
Statement of responsibility, etc სარედაქც. კოლეგ: ნოდარ კახიძე ; როინ მალაყმაძე ; ნაილა ჩელებაძე; ჯემალ ვარშალომიძე; რუსლან ბარამიძე; [და სხვ].
264 ## - წარმოების, გამოცემის, დისტრიბუციის და სხვა ცნობები
გამოცემის, წარმოების, დისტრიბუციის... ადგილი ბათუმი:
გამოცემის, წარმოების, დისტრიბუციის... სახელწოდება ბათუმის შოთა რუსთაველის სახელმწიფო უნივერსიტეტი,
გამოცემის, წარმოების, დისტრიბუციის... თარიღი 2019.
300 ## - ფიზიკური აღწერა
Extent 300 გვ.:
Other physical details ილ;
Dimensions 22 სმ.
501 ## - შენიშვნა თანმხლებ მასალაზე
With note საძიებელი გვ:273-294. ტაბულის აღწერ.გვ:299-300
653 ## - INDEX TERM--UNCONTROLLED
Uncontrolled term მასალები აჭარის ყოფისა და კულტურის შესწავლისათვის
653 ## - INDEX TERM--UNCONTROLLED
Uncontrolled term აჭარაში შეკრებილი ეთნოგრაფიული ექსპედიციის მასალები
700 ## - ADDED ENTRY--PERSONAL NAME
Personal name კახიძე ,ნოდარ
Relator term ტომის რედაქტორი
9 (RLIN) 13154
700 ## - ADDED ENTRY--PERSONAL NAME
Personal name მალაყმაძე, როინ
Relator term სარედაქციო კოლეგია
9 (RLIN) 13193
700 ## - ADDED ENTRY--PERSONAL NAME
Personal name ჩელებაძე, ნაილა
Relator term სარედაქციო კოლეგია
9 (RLIN) 6824
700 ## - ADDED ENTRY--PERSONAL NAME
Personal name ვარშალომიძე, ჯემალ
Relator term სარედაქციო კოლეგია
9 (RLIN) 4618
700 ## - ADDED ENTRY--PERSONAL NAME
Personal name ბარამიძე, რუსლან
Relator term სარედაქციო კოლეგია
9 (RLIN) 13194
710 ## - ADDED ENTRY--CORPORATE NAME
Corporate name or jurisdiction name as entry element ბათუმის შოთა რუსთაველის სახელმწიფო უნივერსიტეტი
9 (RLIN) 13195
710 ## - ADDED ENTRY--CORPORATE NAME
Corporate name or jurisdiction name as entry element ნიკო ბერზენიშვილის ინსტიტუტი ეთნოლოგიისა და სოციოლოგიური კველევის განყოფილება
9 (RLIN) 13196
942 ## - ADDED ENTRY ELEMENTS (KOHA)
Source of classification or shelving scheme
Koha item type წიგნი
ეგზემპლარები
ჩამოწერის სტატუსი დაკარგული ეგზემპლარის სტატუსი კლასიფიკაციის წყარო ან თაროზე გაწყობის სქემა დაზიანების სტატუსი არ გაიცემა მუდმივი მდებარეობა (დაცვის ადგილი) ამჟამინდელი ადგილსამყოფელი თაროზე განთავსების ადგილი შეძენის თარიღი ღირებულება, შესყიდვის ნორმალური ფასი სრული შენახვის შიფრი შტრიხკოდი ბოლო ოპერაციის თარიღი ეგზემპლარის მიმდევრობითი ნომერი (კეტერი?) ფასის ძალაში შესვლის თარიღი ეგზემპლარის სახეობა საჯარო შენიშვნა Uniform Resource Identifier
          ბათუმის შოთა რუსთაველის სახელმწიფო უნივერსიტეტის მთავარი ბიბლიოთეკა ბათუმის შოთა რუსთაველის სახელმწიფო უნივერსიტეტის მთავარი ბიბლიოთეკა წიგნსაცავი 2021-12-07 11.00 39(479.223) მ-36 62061 2021-12-07 62061 2021-12-07 წიგნი 11ლ.50თ.  
          ბათუმის შოთა რუსთაველის სახელმწიფო უნივერსიტეტის მთავარი ბიბლიოთეკა ბათუმის შოთა რუსთაველის სახელმწიფო უნივერსიტეტის მთავარი ბიბლიოთეკა წიგნსაცავი 2021-12-07 11.00 39(479.223) მ-36 62062 2021-12-07 62062 2021-12-07 წიგნი 11ლ.50თ.  
          ბათუმის შოთა რუსთაველის სახელმწიფო უნივერსიტეტის მთავარი ბიბლიოთეკა ბათუმის შოთა რუსთაველის სახელმწიფო უნივერსიტეტის მთავარი ბიბლიოთეკა წიგნსაცავი 2021-12-07 11.00 39(479.223) მ-36 62063 2021-12-07 62063 2021-12-07 წიგნი 11ლ.50თ.  
          ბათუმის შოთა რუსთაველის სახელმწიფო უნივერსიტეტის მთავარი ბიბლიოთეკა ბათუმის შოთა რუსთაველის სახელმწიფო უნივერსიტეტის მთავარი ბიბლიოთეკა წიგნსაცავი 2021-12-07 11.00 39(479.223) მ-36 62064 2021-12-07 62064 2021-12-07 წიგნი 11ლ.50თ.  
          ბათუმის შოთა რუსთაველის სახელმწიფო უნივერსიტეტის მთავარი ბიბლიოთეკა ბათუმის შოთა რუსთაველის სახელმწიფო უნივერსიტეტის მთავარი ბიბლიოთეკა წიგნსაცავი 2021-12-07 11.00 39(479.223) მ-36 62065 2021-12-07 62065 2021-12-07 წიგნი 11ლ.50თ.  
          ბათუმის შოთა რუსთაველის სახელმწიფო უნივერსიტეტის მთავარი ბიბლიოთეკა ბათუმის შოთა რუსთაველის სახელმწიფო უნივერსიტეტის მთავარი ბიბლიოთეკა წიგნსაცავი 2025-01-28 11.50 39(479.223) მ-36 70463 2025-01-28 70463 2025-01-28 წიგნი 11 ლ. 50 თ. ნაჩუქარი